Pokémon GO - Statistiques

Statistiques générales
  • Ce quiz a été pris 167 fois
  • Le résultat moyen est 42 sur 50
Statistiques - réponses
Question Réponse % Correct
De quelle région proviennent les Pokémon de départ ? Kanto
100%
Quelle couleur d'équipe n'existe pas ? Vert
100%
Quel type de Poké Ball possède le meilleur taux de capture ?
99%
Quel est le prix de l'application sur le Play Store ? 0 €
99%
Quel type de lancer n'existe pas ? Bon !
99%
Quels sont les types d'attaques du jeu ? Immédiate & Chargée
99%
Quel baie augmente le plus le taux de capture d'un Pokémon ?
98%
Quel est le Pokémon que possède Giovanni dans toutes ses équipes ?
98%
Quel est le niveau le plus élevé du jeu ? 50
98%
Quel objet permet à Porygon d'évoluer en Porygon2 ?
97%
Lequel est l’œuf de 10km ?
96%
Combien y a-t-il de Pokémon dans la région de Kanto ? 151
96%
Quel est le nom de l'évènement se déroulant une fois par mois durant trois heures ? Community Day
96%
Quel type de Pokémon peut-on obtenir en battant un membre de la Team GO Rocket ? Obscur
96%
Quel objet ne peut pas être obtenu dans un PokéStop ?
95%
Quel objet permet à Tournegrin d'évoluer en Héliatronc ?
95%
Qui est le Pokémon ayant reçu le plus de costume ?
94%
Combien de Poképièce peut-on récupérer chaque jour ? 50
93%
Au maximum, combien de type peut posséder un Pokémon ? Deux
93%
Comment peut-on obtenir un Pokémon Chanceux ? Échange
93%
Quel objet permet à Onix d'évoluer en Steelix ?
92%
Quelle ressource n'est pas obtenable en capturant un Pokémon ? Baie
92%
Quelle action ne peut pas effectuer un Pokémon lors d'une capture ? Dancer
92%
Quelle baie est apparue la dernière ?
91%
Combien de Poképièce coûte l'amélioration du sac d'objets ? 200
91%
Quel type de Pokémon n'est pas boosté lors de la météo "Ensoleillé" ? Dragon
91%
En quelle année est sortie l'application Pokémon GO ? 2016
89%
Quelle information n'est pas disponible sur la fiche Pokédex d'un Pokémon ? IV
89%
Quel est le nom du professeur de Pokémon GO ? Willow
88%
Quel objet permet à Hypocéan d'évoluer en Hyporoi ?
86%
Quelle est la couleur du cercle représentant un taux de capture élevé ? Vert
86%
Combien de PX donne le meilleur lancer du jeu ? 1 000 PX
83%
Quelle information n'est pas disponible sur le résumé d'un Pokémon ? Numéro de Pokédex
83%
Comment s'appelle l'image que l'on peut ajouter à une carte postale ? Sticker
80%
Quel est le premier écran de chargement du jeu ?
79%
Quelle couleur n'existe pas pour un Passe de Raid ? Rouge
79%
Quelle est la couleur d'un Raid Trois étoiles ? Jaune
77%
Combien y a-t-il de types ? 18
73%
Quel nom d'équipe n'existe pas ? Volonté
70%
Quel objet permet à Têtarte d'évoluer en Tarpaud ?
68%
Comment se nomme le stade ultime d'amitié avec un dresseur ? Meilleur ami
67%
Combien d'attaques peut avoir un Pokémon ? Trois
67%
Quel Pokémon a été le premier introduit en Shiny ?
62%
Combien faut-il attraper de Pokémon d'un même type pour débloquer sa médaille de Platine ? 2 500
62%
Combien de PokéStops faut-il visiter pour débloquer la médaille de Platine "Randonneur" ? 50 000
57%
Quel objet peut être obtenu dans un PokéStop ?
50%
Combien de formes différentes possède le Pokémon Prismillon ? 18
48%
Combien de Pokémon faut-il échanger pour débloquer la médaille de Bronze "Gentleman" ? 10
47%
Combien de gros Magicarpe faut-il capturer pour débloquer la médaille d'Or "Pêcheur" ? 300
43%
Combien de Pokémon faut-il évoluer pour débloquer la médaille d'Argent "Scientifique" ? 20
31%
Aucun quiz correspondant
Distribution des résultats
% des personnes avec chaque résultat
Percentile par nombre de réponses
Votre historique - résultats
Vous n’avez pas pris ce quiz